| 000 | 00389nam a2200157Ia 4500 | ||
|---|---|---|---|
| 008 | 210716s1984 xx 000 0 und d | ||
| 020 | _a0446326305 | ||
| 041 | _aeng | ||
| 082 | _a808.83 STRW | ||
| 100 | _aStrieber, Whitley;Kunetka, James. | ||
| 245 | _aWar day and the journey onward. | ||
| 250 | _a1 | ||
| 260 |
_aNew York _bWarner books _c1984 |
||
| 300 | _a515 | ||
| 650 | _aNovels | ||
| 999 |
_c200049 _d200049 |
||